[Event "Bamberg op-A 5th"]
[Site "Bamberg"]
[Date "2023.07.30"]
[Round "7"]
[White "Mohylnyi, Stepan"]
[Black "Haack, Kevin"]
[Result "1-0"]
[WhiteElo "2013"]
[BlackElo "2296"]
[PlyCount "97"]
[EventDate "2023.07.26"]
[EventType "swiss"]
[EventRounds "7"]
[EventCountry "GER"]
[SourceTitle "EXT 2024"]
[Source "ChessBase"]
[SourceDate "2023.10.10"]
[SourceVersion "1"]
[SourceVersionDate "2023.10.10"]
[SourceQuality "1"]

1. e4 c5 2. Nf3 d6 3. Bb5+ Nd7 4. d4 cxd4 5. Qxd4 a6 6. Bxd7+ Bxd7 7. 0-0 Nf6 8. c4 g6 9. Nc3 Bg7 10. Qd3 0-0 11. Rb1 b5 12. b3 Rc8 13. cxb5 Rxc3 14. Qxc3 Nxe4 15. Qb4 Nc3 16. Bb2 a5 17. Qh4 Nxb1 18. Bxg7 Kxg7 19. a4 Na3 20. Qd4+ Kg8 21. Rc1 Nxb5 22. axb5 Bxb5 23. h4 h5 24. Qa7 Re8 25. Rc7 Bd3 26. Qxa5 Qb8 27. Nd4 Be4 28. f3 Bd5 29. b4 e5 30. Nb5 Rd8 31. Na7 e4 32. fxe4 Bxe4 33. b5 Re8 34. b6 Qd8 35. Qg5 Qa8 36. Qf4 Bd5 37. Qf2 Qb8 38. Nc6 Re1+ 39. Kh2 Qe8 40. b7 Re2 41. Rc8 Rxf2 42. Rxe8+ Kg7 43. b8Q Rxg2+ 44. Kh3 g5 45. Rg8+ Kh7 46. Rh8+ Kg6 47. Qg8+ Kf5 48. Ne7+ Kf4 49. Nxd5+ 1-0

[Event "Bamberg op-A 5th"]
[Site "Bamberg"]
[Date "2023.07.27"]
[Round "2"]
[White "Foerster, Jonas"]
[Black "Mohylnyi, Stepan"]
[Result "1-0"]
[WhiteElo "2262"]
[BlackElo "2013"]
[PlyCount "87"]
[EventDate "2023.07.26"]
[EventType "swiss"]
[EventRounds "7"]
[EventCountry "GER"]
[SourceTitle "CBM 215 Extra"]
[Source "ChessBase"]
[SourceDate "2023.09.30"]
[SourceVersion "1"]
[SourceVersionDate "2023.09.30"]
[SourceQuality "1"]

1. Nf3 Nf6 2. c4 g6 3. Nc3 d5 4. e3 Bg7 5. cxd5 Nxd5 6. Qb3 Nb6 7. Bb5+ Bd7 8. 0-0 0-0 9. d4 Bg4 10. Be2 a5 11. h3 Be6 12. Qc2 a4 13. Bd2 Nc6 14. Nb5 h6 15. e4 Bd7 16. d5 Ne5 17. Nxe5 Bxe5 18. Bxh6 Re8 19. Rad1 Ra5 20. Nd4 Qc8 21. Qd3 e6 22. dxe6 Bxe6 23. Nxe6 Qxe6 24. b3 axb3 25. axb3 Bf6 26. Qf3 Bh8 27. Rd3 Nd7 28. Qg3 Nc5 29. Qxc7 b6 30. Rd6 Qe5 31. Bc4 Ne6 32. Qxb6 g5 33. Bxe6 Rxe6 34. Rxe6 fxe6 35. h4 gxh4 36. Qd8+ Kf7 37. Qxh4 Bf6 38. Qg4 Ra8 39. Qf3 Rc8 40. Bf4 Qb5 41. e5 Be7 42. Qh5+ Kg8 43. Qg6+ Kh8 44. Qh6+ 1-0

[Event "BL2-Ost 2223"]
[Site "Germany"]
[Date "2023.03.18"]
[Round "9.8"]
[White "Schiffer, Stefan"]
[Black "Mohylnyi, Stepan"]
[Result "0-1"]
[WhiteElo "2256"]
[BlackElo "2028"]
[PlyCount "74"]
[EventDate "2022.10.22"]
[EventType "team-tourn"]
[EventRounds "10"]
[EventCountry "GER"]
[SourceTitle "EXT 2024"]
[Source "ChessBase"]
[SourceDate "2023.10.10"]
[SourceVersion "1"]
[SourceVersionDate "2023.10.10"]
[SourceQuality "1"]
[WhiteTeam "Leipzig SG"]
[BlackTeam "Nuernberg NT"]
[WhiteTeamCountry "GER"]
[BlackTeamCountry "GER"]

1. e4 e6 2. d4 d5 3. Nc3 Bb4 4. e5 c5 5. Bd2 Bd7 6. a3 Bxc3 7. Bxc3 cxd4 8. Qxd4 Ne7 9. Bd3 Nbc6 10. Qg4 Ng6 11. Nf3 Qc7 12. h4 0-0-0 13. Qg3 d4 14. Nxd4 Qxe5+ 15. Qxe5 Ncxe5 16. Bb5 Bxb5 17. Nxb5 Rd5 18. a4 a6 19. Nd4 h5 20. 0-0-0 Rhd8 21. Ne2 f6 22. Rxd5 Rxd5 23. b3 Ng4 24. f3 Ne3 25. g3 e5 26. Bd2 Nf5 27. Be1 Nd4 28. Nxd4 exd4 29. Kd2 d3 30. c4 Rd7 31. Rf1 Ne5 32. f4 Nc6 33. Bf2 Ne7 34. Re1 Nf5 35. Re8+ Kc7 36. Rh8 Nd6 37. Bd4 Ne4+ 0-1

[Event "Mittelfrank Regionalliga Nord-Ost 2223"]
[Site "Mittelfranken"]
[Date "2022.11.27"]
[Round "3.1"]
[White "Just, Hannes"]
[Black "Mohylnyi, Stepan"]
[Result "1/2-1/2"]
[WhiteElo "2092"]
[BlackElo "2028"]
[PlyCount "69"]
[EventDate "2022.10.09"]
[EventType "team-tourn"]
[EventRounds "9"]
[EventCountry "GER"]
[SourceTitle "EXT 2024"]
[Source "ChessBase"]
[SourceDate "2023.10.10"]
[SourceVersion "1"]
[SourceVersionDate "2023.10.10"]
[SourceQuality "1"]
[WhiteTeam "Nuernberg Sued SW II"]
[BlackTeam "Nuernberg Noris Tarrasch III"]
[WhiteTeamCountry "GER"]
[BlackTeamCountry "GER"]

1. e4 e6 2. d3 d5 3. Nd2 Nf6 4. g3 dxe4 5. dxe4 e5 6. Ngf3 Bc5 7. Bg2 Nc6 8. 0-0 0-0 9. Qe2 Qe7 10. Nb3 Bb6 11. h3 Be6 12. Bg5 h6 13. Bd2 a5 14. Bc3 a4 15. Nc1 Nd4 16. Nxd4 exd4 17. Bd2 Rfe8 18. Nd3 c5 19. Kh2 Bd7 20. Rae1 c4 21. Nf4 Qe5 22. Qf3 Bb5 23. Rg1 Bc5 24. Nd5 Nxd5 25. exd5 Qd6 26. Bf4 Qd7 27. Qh5 d3 28. Rxe8+ Rxe8 29. cxd3 cxd3 30. Rc1 Bxf2 31. Rc7 Re1 32. Rxd7 Bg1+ 33. Kh1 Be3+ 34. Kh2 Bg1+ 35. Kh1 1/2-1/2

[Event "Bayern-chI Bank Hofmann 25th"]
[Site "Tegernsee"]
[Date "2022.11.07"]
[Round "3"]
[White "Mohylnyi, Stepan"]
[Black "Oberhofer, Cedric"]
[Result "0-1"]
[WhiteElo "2004"]
[BlackElo "2274"]
[PlyCount "84"]
[EventDate "2022.11.05"]
[EventType "swiss"]
[EventRounds "9"]
[EventCountry "GER"]
[SourceTitle "CBM 211 Extra"]
[Source "ChessBase"]
[SourceDate "2023.01.31"]
[SourceVersion "1"]
[SourceVersionDate "2023.01.31"]
[SourceQuality "1"]

1. e4 c5 2. Nf3 d6 3. Bb5+ Nd7 4. 0-0 a6 5. Bxd7+ Bxd7 6. d4 cxd4 7. Qxd4 Rc8 8. Nc3 Nf6 9. h3 e6 10. Be3 Be7 11. a4 0-0 12. Qd3 Qc7 13. a5 Bc6 14. Rfd1 d5 15. e5 Ne4 16. Bb6 Qb8 17. Qe3 f5 18. Bd4 Be8 19. Nd2 Bh5 20. Rf1 f4 21. Qe1 Ng5 22. f3 Rf5 23. Qf2 Nf7 24. Rfe1 Nxe5 25. Nb3 Bf7 26. Na4 Nd7 27. Nac5 Nxc5 28. Nxc5 Bxc5 29. Bxc5 Qc7 30. b4 e5 31. Rad1 Re8 32. Qd2 Qc6 33. Qd3 Rg5 34. Kh1 e4 35. Qd4 Qg6 36. Qf2 Qf5 37. c4 e3 38. Qh4 dxc4 39. Rd4 Qg6 40. Re2 c3 41. Qe1 Qf5 42. Qxc3 Bd5 0-1

[Event "EU-ch Hybrid U10"]
[Site "Tornelo INT"]
[Date "2021.10.15"]
[Round "7"]
[White "Mohylnyi, Stepan"]
[Black "Batalov, Prokhor"]
[Result "1/2-1/2"]
[WhiteElo "1577"]
[BlackElo "1391"]
[PlyCount "157"]
[EventDate "2021.10.15"]
[EventType "swiss"]
[EventRounds "9"]
[EventCountry "NET"]
[SourceTitle "EXT 2023"]
[Source "ChessBase"]
[SourceDate "2022.10.05"]
[SourceVersion "1"]
[SourceVersionDate "2022.10.05"]
[SourceQuality "1"]
[WhiteTeam "Ukraine"]
[BlackTeam "Russia"]
[WhiteTeamCountry "UKR"]
[BlackTeamCountry "RUS"]

1. e4 c5 2. Nf3 Nc6 3. d4 cxd4 4. Nxd4 Nf6 5. Nc3 e5 6. Ndb5 d6 7. Nd5 Nxd5 8. exd5 Ne7 9. c4 Ng6 10. c5 a6 11. Nxd6+ Bxd6 12. cxd6 0-0 13. Be3 Qxd6 14. Rc1 Qb4+ 15. Qd2 Qxd2+ 16. Bxd2 Rd8 17. Bc4 b5 18. Bb3 Bb7 19. Rc5 e4 20. Ba5 Rd6 21. 0-0 h6 22. Rd1 Rc8 23. Rxc8+ Bxc8 24. Bb4 Rd8 25. Rc1 Nf4 26. Rc7 Bf5 27. d6 Rd7 28. Rxd7 Bxd7 29. Kf1 Nd3 30. Bc3 b4 31. Bd4 Bb5 32. Kg1 a5 33. Bb6 a4 34. Bd5 Nxb2 35. Ba5 Nd3 36. Bc4 Bc6 37. Bxd3 exd3 38. Bxb4 f6 39. f3 Kf7 40. Kf2 Ke6 41. Ke3 Bb5 42. h4 Kd5 43. h5 Ke6 44. g4 Kd7 45. f4 Bc4 46. a3 Be6 47. Kxd3 Bxg4 48. Ke4 Bxh5 49. Kf5 Be8 50. Bc3 h5 51. Bb4 Bf7 52. Bc5 Be6+ 53. Kg6 Bg4 54. Kxg7 Kc6 55. Bf2 f5 56. Kf6 Kxd6 57. Kg5 Kd5 58. Be1 Ke4 59. Bf2 Kf3 60. Be1 Ke2 61. Bg3 Kf1 62. Bh4 Kg2 63. Be1 Kf3 64. Bh4 Kg2 65. Be1 Kh2 66. Bf2 Kh1 67. Be1 Kg2 68. Bh4 Kf3 69. Be1 Ke3 70. Bg3 Kd4 71. Be1 Kd3 72. Bf2 Kc4 73. Be1 Kb3 74. Bb4 Kc4 75. Be1 Kd5 76. Bd2 Kd4 77. Be1 Ke3 78. Bg3 Kf3 79. Be1 1/2-1/2

[Event "EU-ch Hybrid U10"]
[Site "Tornelo INT"]
[Date "2021.10.15"]
[Round "1"]
[White "Mohylnyi, Stepan"]
[Black "Crnjakovic, Tom"]
[Result "1/2-1/2"]
[WhiteElo "1577"]
[BlackElo "1216"]
[PlyCount "105"]
[EventDate "2021.10.15"]
[EventType "swiss"]
[EventRounds "9"]
[EventCountry "NET"]
[SourceTitle "EXT 2023"]
[Source "ChessBase"]
[SourceDate "2022.10.05"]
[SourceVersion "1"]
[SourceVersionDate "2022.10.05"]
[SourceQuality "1"]
[WhiteTeam "Ukraine"]
[BlackTeam "Slovenia"]
[WhiteTeamCountry "UKR"]
[BlackTeamCountry "SLO"]

1. e4 e5 2. Nf3 Nc6 3. d4 exd4 4. Bc4 Nf6 5. e5 Ne4 6. c3 d5 7. Bb3 Bg4 8. Bf4 g5 9. Bg3 h5 10. h3 Nxg3 11. fxg3 Bxf3 12. Qxf3 Nxe5 13. Qxd5 Qxd5 14. Bxd5 0-0-0 15. Be4 Bc5 16. cxd4 Bxd4 17. Nc3 Rhe8 18. 0-0-0 Nc4 19. Bf3 Be3+ 20. Kc2 Bb6 21. Nd5 Rxd5 22. Bxd5 Ne3+ 23. Kc3 Nxd1+ 24. Rxd1 c6 25. Bxf7 Re3+ 26. Rd3 Re2 27. Bxh5 Rxg2 28. Bf3 Rh2 29. Bg4+ Kb8 30. Rf3 Ba5+ 31. b4 Bb6 32. a3 Rf2 33. h4 Rxf3+ 34. Bxf3 Bf2 35. hxg5 Bxg3 36. Kd4 Bd6 37. g6 Bf8 38. Ke5 Bg7+ 39. Ke6 Kc7 40. Kf7 Be5 41. g7 Bxg7 42. Kxg7 Kd6 43. Kf6 b6 44. Kf5 b5 45. Ke4 c5 46. Kd3 cxb4 47. axb4 Kc7 48. Kd4 Kb6 49. Be2 a5 50. bxa5+ Kxa5 51. Kc5 b4 52. Bd1 Ka6 53. Kxb4 1/2-1/2

[Event "Kiev op U16"]
[Site "Kiev"]
[Date "2021.07.20"]
[Round "2"]
[White "Petrovskiy, Vadim"]
[Black "Mohylnyi, Stepan"]
[Result "1-0"]
[WhiteElo "2156"]
[BlackElo "1656"]
[PlyCount "99"]
[EventDate "2021.07.20"]
[EventType "swiss"]
[EventRounds "11"]
[EventCountry "UKR"]
[SourceTitle "EXT 2022"]
[Source "ChessBase"]
[SourceDate "2021.10.06"]
[SourceVersion "1"]
[SourceVersionDate "2021.10.06"]
[SourceQuality "1"]

1. e4 e6 2. d4 d5 3. Nc3 Bb4 4. e5 c5 5. a3 Bxc3+ 6. bxc3 Ne7 7. a4 Nbc6 8. Nf3 Nf5 9. Bd3 cxd4 10. Bxf5 exf5 11. cxd4 0-0 12. 0-0 Be6 13. Ba3 Re8 14. Bd6 Rc8 15. c3 Na5 16. Qd3 Nc4 17. Ba3 b6 18. Nd2 Qd7 19. Nxc4 Rxc4 20. a5 b5 21. a6 Rec8 22. Bc5 R8xc5 23. dxc5 Rxc5 24. Rfb1 Qc6 25. Qd4 Qc7 26. Ra3 Rc4 27. Qe3 Re4 28. Qd3 Qxe5 29. Qxb5 h6 30. Qb8+ Kh7 31. Qxe5 Rxe5 32. f4 Re3 33. Kf2 d4 34. Rb7 Bc4 35. Rxa7 Rxc3 36. Rxc3 dxc3 37. Ke3 g5 38. g3 Kg6 39. Rc7 gxf4+ 40. gxf4 Bd5 41. Rxc3 Kh5 42. a7 Kg4 43. h3+ Kh4 44. Kd4 Be4 45. Ke5 Kh5 46. Rc8 Kh4 47. a8Q Bxa8 48. Rxa8 Kxh3 49. Rh8 Kg4 50. Rxh6 1-0

[Event "Kiev Spring op"]
[Site "Kiev"]
[Date "2021.07.16"]
[Round "8"]
[White "Mohylnyi, Stepan"]
[Black "Yakymakha, Mariia"]
[Result "1-0"]
[WhiteElo "1656"]
[BlackElo "1496"]
[PlyCount "87"]
[EventDate "2021.07.10"]
[EventType "swiss"]
[EventRounds "9"]
[EventCountry "UKR"]
[SourceTitle "EXT 2024"]
[Source "ChessBase"]
[SourceDate "2023.10.10"]
[SourceVersion "1"]
[SourceVersionDate "2023.10.10"]
[SourceQuality "1"]

1. e4 c5 2. Nf3 Nc6 3. d4 cxd4 4. Nxd4 Nf6 5. Nc3 e5 6. Ndb5 d6 7. Nd5 Nxd5 8. exd5 Nb8 9. c4 Be7 10. c5 0-0 11. Bd3 Bd7 12. Nxd6 Qa5+ 13. Qd2 Qxc5 14. Ne4 Qd4 15. a3 Bf5 16. Nf6+ Bxf6 17. Bxf5 Qxd2+ 18. Bxd2 Rd8 19. Be4 Nd7 20. Be3 Be7 21. Rd1 Bd6 22. 0-0 h6 23. Rc1 Nf6 24. f3 Kf8 25. Kf2 Ng8 26. Ke2 Ne7 27. g4 b6 28. h4 Rac8 29. Rxc8 Rxc8 30. Rc1 Rxc1 31. Bxc1 Ke8 32. Kd3 Kd7 33. h5 Bc5 34. b4 Bg1 35. Kc4 a6 36. a4 Kd6 37. Ba3 Kc7 38. d6+ Kxd6 39. b5+ Bc5 40. Bxc5+ bxc5 41. bxa6 Nc8 42. Kb5 c4 43. Kxc4 Na7 44. a5 1-0

[Event "Kiev Spring op"]
[Site "Kiev"]
[Date "2021.07.15"]
[Round "7"]
[White "Filindash, Nikita"]
[Black "Mohylnyi, Stepan"]
[Result "1/2-1/2"]
[WhiteElo "1230"]
[BlackElo "1656"]
[PlyCount "137"]
[EventDate "2021.07.10"]
[EventType "swiss"]
[EventRounds "9"]
[EventCountry "UKR"]
[SourceTitle "EXT 2024"]
[Source "ChessBase"]
[SourceDate "2023.10.10"]
[SourceVersion "1"]
[SourceVersionDate "2023.10.10"]
[SourceQuality "1"]

1. d4 Nf6 2. Nf3 g6 3. c4 Bg7 4. Nc3 d5 5. cxd5 Nxd5 6. e4 Nxc3 7. bxc3 c5 8. Be3 0-0 9. Qd2 cxd4 10. cxd4 Nc6 11. Be2 Bg4 12. Rd1 Qa5 13. Qxa5 Nxa5 14. 0-0 Rac8 15. Rc1 Nc6 16. Rfd1 Nb4 17. a4 Na2 18. Rxc8 Rxc8 19. Ra1 Nc3 20. Bd3 a5 21. Kf1 Bd7 22. Bc2 b5 23. axb5 Bxb5+ 24. Ke1 a4 25. Bd2 Ne2 26. Bxa4 Nxd4 27. Nxd4 Bxd4 28. Ra2 Bd3 29. f3 Bb1 30. Ra3 Ra8 31. Bb4 e5 32. Bc6 Rc8 33. Ra8 Rxa8 34. Bxa8 Bd3 35. g4 Kg7 36. Be7 f6 37. Bd5 Be3 38. h4 h6 39. Be6 Bb5 40. Bb3 h5 41. g5 fxg5 42. hxg5 Bd7 43. Bf6+ Kh7 44. Bc4 Bf4 45. Kf2 h4 46. Kg2 h3+ 47. Kf2 h2 48. Kg2 Bh3+ 49. Kh1 Bg3 50. Be7 Kg7 51. Bf6+ Kf8 52. Bb5 Kf7 53. Ba6 Bf4 54. Bc4+ Be6 55. Bd5 Bg3 56. Kg2 Bf4 57. Kh1 Bxd5 58. exd5 Ke8 59. d6 Kd7 60. Be7 Ke6 61. Kg2 Be3 62. Kxh2 Bc5 63. Kg3 Bxd6 64. Bxd6 Kxd6 65. f4 e4 66. Kf2 Ke6 67. Ke2 Kd6 68. Kd2 Ke6 69. Ke2 1/2-1/2

[Event "Kiev Spring op"]
[Site "Kiev"]
[Date "2021.07.13"]
[Round "5"]
[White "Oyberman, Iliia"]
[Black "Mohylnyi, Stepan"]
[Result "0-1"]
[WhiteElo "1449"]
[BlackElo "1656"]
[PlyCount "112"]
[EventDate "2021.07.10"]
[EventType "swiss"]
[EventRounds "9"]
[EventCountry "UKR"]
[SourceTitle "EXT 2024"]
[Source "ChessBase"]
[SourceDate "2023.10.10"]
[SourceVersion "1"]
[SourceVersionDate "2023.10.10"]
[SourceQuality "1"]

1. e4 e6 2. d4 d5 3. exd5 exd5 4. Bd3 Nf6 5. Nf3 Bg4 6. 0-0 Be7 7. c3 0-0 8. Bf4 Nbd7 9. Nbd2 c5 10. h3 Bh5 11. Re1 Re8 12. dxc5 Bxc5 13. Rxe8+ Nxe8 14. Bxh7+ Kxh7 15. Nb3 Bxf3 16. Qxf3 Nef6 17. Bg5 Qb6 18. Rd1 Re8 19. Bh4 Re4 20. Bg3 Qe6 21. Kh2 Bd6 22. Nd4 Bxg3+ 23. fxg3 Qe5 24. Qf2 Qh5 25. Qc2 Ng4+ 26. Kg1 Ne3 27. g4 Qg6 28. Qc1 Nxd1 29. Qxd1 Ne5 30. Nf5 Qb6+ 31. Kh1 Qf2 32. Qxd5 Re1+ 33. Kh2 Qg1+ 34. Kg3 Re3+ 35. Nxe3 Qxe3+ 36. Kh2 Qf4+ 37. Kh1 b6 38. a3 Nc4 39. Qd3+ g6 40. Qe2 Ne3 41. Kg1 Nd5 42. Kh1 Nc7 43. c4 Ne6 44. b4 Qc1+ 45. Kh2 Qxa3 46. Qf2 Kg8 47. b5 Qc5 48. Qe2 Nf8 49. Qa2 Qc7+ 50. Kh1 Nd7 51. c5 bxc5 52. Qc4 Ne5 53. Qd5 c4 54. Qa8+ Kg7 55. Qe4 c3 56. Qc2 Qc4 0-1

[Event "Kiev Spring op"]
[Site "Kiev"]
[Date "2021.07.12"]
[Round "4"]
[White "Mohylnyi, Stepan"]
[Black "Sidletskyi, Ivan"]
[Result "0-1"]
[WhiteElo "1656"]
[BlackElo "2170"]
[PlyCount "74"]
[EventDate "2021.07.10"]
[EventType "swiss"]
[EventRounds "9"]
[EventCountry "UKR"]
[SourceTitle "EXT 2024"]
[Source "ChessBase"]
[SourceDate "2023.10.10"]
[SourceVersion "1"]
[SourceVersionDate "2023.10.10"]
[SourceQuality "1"]

1. e4 c5 2. Nf3 Nc6 3. d4 cxd4 4. Nxd4 g6 5. g3 Bg7 6. Ne2 Nf6 7. Bg2 0-0 8. Nbc3 d6 9. 0-0 Be6 10. h3 Rc8 11. Be3 Qa5 12. f4 Rfd8 13. Nd5 b5 14. g4 Nd7 15. c3 b4 16. cxb4 Qa6 17. Nec3 Bxd5 18. b5 Qa5 19. exd5 Ncb8 20. Bd4 Nb6 21. Bxg7 Kxg7 22. f5 Nc4 23. Qd4+ Ne5 24. fxg6 hxg6 25. Rae1 Nbd7 26. Kh2 Rc4 27. Qf2 Rxg4 28. Re4 Rh8 29. Kg1 Rxe4 30. Bxe4 Rxh3 31. Ne2 Nf6 32. Bg2 Rh8 33. Nd4 Neg4 34. Nc6 Qxb5 35. Qxa7 Qxb2 36. Re1 Qd2 37. Rb1 Ne3 0-1

[Event "Kiev Shystarev Memorial 1st"]
[Site "Kiev"]
[Date "2020.08.31"]
[Round "9"]
[White "Mohylnyi, Stepan"]
[Black "Bashirov, Kemal"]
[Result "1-0"]
[WhiteElo "1390"]
[BlackElo "1762"]
[PlyCount "109"]
[EventDate "2020.08.25"]
[EventType "swiss"]
[EventRounds "9"]
[EventCountry "UKR"]
[SourceTitle "EXT 2022"]
[Source "ChessBase"]
[SourceDate "2021.10.06"]
[SourceVersion "1"]
[SourceVersionDate "2021.10.06"]
[SourceQuality "1"]

1. e4 c5 2. Nf3 Nc6 3. g3 e6 4. Bg2 d5 5. exd5 exd5 6. d4 cxd4 7. Nxd4 Bc5 8. Nb3 Nge7 9. Nxc5 Qa5+ 10. Nc3 Qxc5 11. Bxd5 0-0 12. Be3 Qb4 13. Bb3 Nf5 14. a3 Nxe3 15. fxe3 Qc5 16. Qf3 Ne5 17. Qf4 Bd7 18. 0-0-0 Bc6 19. Bd5 Ng6 20. Qf3 Rae8 21. e4 a5 22. h4 b5 23. Rhf1 b4 24. axb4 axb4 25. Na2 Ne5 26. Qb3 Bb5 27. Rf5 g6 28. Rf4 Ra8 29. Bxa8 Rxa8 30. Qd5 Qxd5 31. Rxd5 Nc4 32. Rxb5 Rxa2 33. Kd1 Rxb2 34. Kc1 Rxc2+ 35. Kxc2 Na3+ 36. Kb3 Nxb5 37. Kxb4 Nc7 38. Rf1 h5 39. Kc5 Ne6+ 40. Kd6 Kf8 41. e5 Nd4 42. Rf4 Ne6 43. Rc4 Kg7 44. Ke7 g5 45. hxg5 Nxg5 46. Rf4 Kg6 47. Rf6+ Kg7 48. Rf5 Kg6 49. Rxg5+ Kxg5 50. Kxf7 Kg4 51. e6 Kxg3 52. e7 h4 53. e8Q h3 54. Qe2 h2 55. Qf1 1-0

[Event "Kiev Shystarev Memorial 1st"]
[Site "Kiev"]
[Date "2020.08.29"]
[Round "7"]
[White "Mohylnyi, Stepan"]
[Black "Vinnyk, Mykhaylo"]
[Result "1/2-1/2"]
[WhiteElo "1390"]
[BlackElo "1805"]
[PlyCount "115"]
[EventDate "2020.08.25"]
[EventType "swiss"]
[EventRounds "9"]
[EventCountry "UKR"]
[SourceTitle "EXT 2022"]
[Source "ChessBase"]
[SourceDate "2021.10.06"]
[SourceVersion "1"]
[SourceVersionDate "2021.10.06"]
[SourceQuality "1"]

1. e4 c5 2. Nf3 e6 3. d4 cxd4 4. Nxd4 Nf6 5. e5 Qa5+ 6. Nc3 Qxe5+ 7. Be2 Bc5 8. Be3 Nc6 9. Nf3 Qd6 10. Qxd6 Bxd6 11. 0-0-0 Bb8 12. Bc5 b6 13. Ba3 a6 14. b3 Bb7 15. Na4 Bc7 16. Rhg1 0-0-0 17. g4 Rhe8 18. Bb2 e5 19. Ba3 d5 20. g5 Nh5 21. Nxe5 Nxe5 22. Bxh5 d4 23. Bb2 g6 24. Be2 Nc6 25. Bf3 Ne5 26. Be2 b5 27. Nc5 Bf3 28. Bxf3 Nxf3 29. Rg4 Nxh2 30. Rgxd4 Rxd4 31. Bxd4 Bf4+ 32. Kb2 a5 33. Bf6 Be5+ 34. Bxe5 Rxe5 35. Rh1 Rxc5 36. Rxh2 Rxg5 37. Rxh7 Rf5 38. Rh2 Rf3 39. a4 b4 40. Kc1 Kd7 41. Kd2 Rf5 42. Ke3 Rh5 43. Rg2 Ke6 44. f3 Re5+ 45. Kd4 g5 46. c3 bxc3 47. Kxc3 Re3+ 48. Kc4 Kf5 49. Rf2 Re1 50. b4 axb4 51. Kxb4 Ra1 52. Rd2 Kf4 53. Rd3 f5 54. a5 g4 55. fxg4 fxg4 56. Kb5 g3 57. Rd2 Ke3 58. Rb2 1/2-1/2

[Event "Kiev Shystarev Memorial 1st"]
[Site "Kiev"]
[Date "2020.08.29"]
[Round "6"]
[White "Yakovenko, Bogdan"]
[Black "Mohylnyi, Stepan"]
[Result "1-0"]
[WhiteElo "1866"]
[BlackElo "1390"]
[PlyCount "129"]
[EventDate "2020.08.25"]
[EventType "swiss"]
[EventRounds "9"]
[EventCountry "UKR"]
[SourceTitle "EXT 2022"]
[Source "ChessBase"]
[SourceDate "2021.10.06"]
[SourceVersion "1"]
[SourceVersionDate "2021.10.06"]
[SourceQuality "1"]

1. e4 e6 2. d3 d5 3. Qe2 dxe4 4. dxe4 e5 5. f4 exf4 6. Bxf4 Qf6 7. Bc1 Nc6 8. c3 Bc5 9. Nf3 Bg4 10. Nbd2 0-0-0 11. a4 Ne5 12. Qb5 Nxf3+ 13. Nxf3 Bxf3 14. Qxc5 Qh4+ 15. g3 Qxe4+ 16. Kf2 Bxh1 17. Bf4 Qc6 18. Qxa7 f5 19. Qa8+ Kd7 20. Rd1+ Bd5 21. Qa5 Qb6+ 22. Qxb6 cxb6 23. Rxd5+ Kc8 24. Rxf5 Nf6 25. Bh3 Ne4+ 26. Kf3 Nd6 27. Rf7+ Kb8 28. Rxg7 Ka7 29. Bd7 Nc4 30. Bc6 Na5 31. Be4 Ka8 32. Bc7 Rhf8+ 33. Kg4 Rde8 34. Bxh7 Nc4 35. b3 Ne3+ 36. Kh3 Re6 37. Bf4 Nd5 38. Bg8 Nxf4+ 39. gxf4 Re3+ 40. Kg4 Re4 41. Bd5 Rexf4+ 42. Kg3 Rf1 43. Bxb7+ Kb8 44. Bg2 Rc1 45. Bd5 Rg1+ 46. Bg2 Rc1 47. c4 Re8 48. Rb7+ Kc8 49. Bd5 Rh1 50. Rxb6 Rf8 51. Rh6 Kd7 52. h4 Rg1+ 53. Kh2 Rg7 54. Rh5 Re7 55. Rg5 Re3 56. Rg3 Re5 57. Kh3 Rh8 58. a5 Reh5 59. Rg4 R5h6 60. b4 Kd6 61. a6 R6h7 62. Be4 Re7 63. c5+ Ke5 64. Bg2 Rd8 65. Re4+ 1-0

[Event "Kiev Shystarev Memorial 1st"]
[Site "Kiev"]
[Date "2020.08.26"]
[Round "2"]
[White "Homeniuk, Ivan"]
[Black "Mohylnyi, Stepan"]
[Result "1-0"]
[WhiteElo "2007"]
[BlackElo "1390"]
[PlyCount "113"]
[EventDate "2020.08.25"]
[EventType "swiss"]
[EventRounds "9"]
[EventCountry "UKR"]
[SourceTitle "EXT 2022"]
[Source "ChessBase"]
[SourceDate "2021.10.06"]
[SourceVersion "1"]
[SourceVersionDate "2021.10.06"]
[SourceQuality "1"]

1. e4 e6 2. d4 d5 3. e5 c5 4. c3 Nc6 5. Nf3 Qb6 6. a3 Nh6 7. b4 cxd4 8. cxd4 Nf5 9. Bb2 Bd7 10. Be2 Rc8 11. 0-0 Na5 12. Nbd2 Nc4 13. Nxc4 dxc4 14. Rc1 Qa6 15. d5 exd5 16. Qxd5 Be6 17. Qe4 Be7 18. g4 Nh6 19. Nd4 b5 20. h3 Rd8 21. f4 g6 22. Qe3 Bd7 23. f5 gxf5 24. e6 fxe6 25. Qxh6 Qd6 26. Nxf5 exf5 27. Qxd6 Bxd6 28. Bxh8 fxg4 29. Bxg4 Bxg4 30. hxg4 a5 31. Bc3 a4 32. Rcd1 Kd7 33. Be5 Kc6 34. Rf6 Kc7 35. Rdxd6 Rg8 36. Rf7+ Kc8 37. Ra6 Rxg4+ 38. Kf2 Rf4+ 39. Bxf4 c3 40. Rc6+ Kd8 41. Rxc3 h6 42. Rfc7 h5 43. R3c5 h4 44. Rxb5 h3 45. Bh2 Ke8 46. Ra5 Kd8 47. Rxa4 Ke8 48. b5 Kd8 49. b6 Ke8 50. b7 Kd8 51. b8N Ke8 52. Nc6 Kf8 53. Rf4+ Kg8 54. Rg4+ Kh8 55. Ne7 Kh7 56. Nf5+ Kh8 57. Be5# 1-0